Представление документа в формате RUSMARC

ПолеНазваниеЗначение
  Тип записи a
  Библиографический уровень m
001 Контрольный номер UONB/MAIN/ea1fabe7b0204cf089859edf6667ee72
005 Дата корректировки 20260429164150.8
010 Индекс ISBN __
d Цена 25 к.
9 Тираж 70000 экз.
a ISBN 5-335-00392-8
100 Данные общей обработки __
a Данные общей обработки 20260429d1989 u y0rusy0189 ca
101 Язык документа 0_
a Язык текста rus
102 Страна публикации __
a Страна публикации RU
105 Кодированные данные (монография) __
a Кодированные данные (монография) a z 000yy
200 Заглавие и сведения об ответственности 1_
a Заглавие Основы негативного, позитивного и обращаемого процессов в цветной фотографии
f Первые сведения об ответственности М. М. Шахрова
203 Вид содержания и тип средства __
a Вид содержания Текст
b Характеристика содержания визуальный
c Тип средства непосредственный
210 Выходные данные 1_
a Место издания Киев
c Издательство Тэхника
d Дата издания 1989
215 Физическое описание __
a Объем 55, [2] с.
c Иллюстрации/тип воспроизводства ил.
d Формат 20 см
606 Тематические рубрики 0_
a Основная рубрика Фотография цветная
610 Ключевые слова 0_
a Ключевые слова фотография; фотография цветная
675 Индекс УДК __
a Индекс УДК 6П9.726
700 Автор _1
a Фамилия Шахрова
b Имя (инициалы) М. М.
g Полное личное имя Мария Михайловна
801 Источник записи _0
a Страна RU
b Организация Ульяновская ОНБ
c Дата составления 20260429
g Правила каталогизации RCR
801 Источник записи _1
a Страна RU
b Организация Ульяновская ОНБ
c Дата составления 20260429
g Правила каталогизации RCR
901 Тип документа __
t Тип документа m
909 Создатель записи __
a Создатель записи Редникина
b Дата создания записи 20260429